No I'm Not a Human Characters - Statistics

General Stats
  • This quiz has been taken 316 times
  • The average score is 28 of 56
Answer Stats
Answer Location % Correct
Bar Guy Living Room
89%
Coat Guy Living Room
85%
Widowed Woman Bathroom
85%
Wireface Storage Room
85%
Little Girl Kitchen
80%
Cashier Girl Storage Room
78%
Cat Lady Living Room
74%
Stoner Bathroom
72%
Neighbor Kitchen
71%
Seductive Woman Bedroom
70%
FEMA Agent Outside
67%
Pale Visitor Outside
65%
Surgeon Storage Room
65%
Twin #1 Living Room
64%
Twin #2 Living Room
64%
Sun Guy Bathroom
62%
Parentless Teenager Kitchen
58%
Amogus Guy Kitchen
55%
Immortal Man Office
55%
Big Momma Office
54%
Fortune Teller Kitchen
53%
Disfigured Firefighter Living Room
51%
Babushka Living Room
50%
Homeless Man Storage Room
50%
Ex-Minister Bathroom
49%
Man in Hazmat Bathroom
48%
Peon #1 Office
48%
Peon #2 Office
48%
Peon #3 Office
48%
Husband and Wife Kitchen
47%
Kindergarten Teacher Office
47%
Blinded Man Kitchen
46%
Bearded Huntsman Kitchen
45%
Vigilante Outside
44%
The Nun Living Room
43%
Angry Guy Living Room
41%
Cheerful Man Office
39%
Death Cult Leader Outside
39%
Gravedigger Office
37%
Stand Up Guy Office
37%
Prophetic Man Outside
36%
Best Son Living Room
35%
Conspiracy Theorist Kitchen
35%
Deadbeat Mom Office
34%
Wheelchair Guy Office
34%
Sleepless Man Office
33%
Suit Guy Living Room
30%
Taxi Driver Living Room
29%
Border Patrol Agent Office
28%
Armchair Lawyer Guy Kitchen
26%
Bandana Guy Living Room
26%
Delivery Man Outside
26%
Morbid Romantic Office
25%
Raincoat Child Outside
23%
Wounded Man Office
23%
Mushroom Eater Outside
21%
No matching quizzes found
Score Distribution
Percent of People with Each Score
Percentile by Number Answered
Your Score History
You have not taken this quiz